000 00702nam a2200265 a 4500
001 21117
003 VRT
005 20260213151452.0
008 060405s1979 xo slo d
020 _c25.00
035 _aMIZKGZ15710
039 9 _a200604062346
_bVLOAD
040 _aMIZKGZ
_bslo
_cMIZKGZ
041 0 _aslo
100 1 _aPoničan, Ján
245 1 _aSkaza hradu
_cJán Poničan
250 _a1. vyd.
260 _aBratislava
_bMladé letá
_c1979
300 _a302 s.
910 _amizkgz
942 _2ddc
_cKLDO
_n0
949 _64710704425
_astrmkM
_bstrmk2008/4425
949 _64710706287
_astrmkM
_bstrmk2008/6287
999 _c21117
_d21117